Disputaciones metafísicas sobre el concepto del ente

Uloženo v:
Podrobná bibliografie
Hlavní autor: Suárez, Francisco, S.I (Autor)
Médium: Kniha
Jazyk:španělština
Vydáno: Madrid Revista de Occidente 1935
Témata:
Tagy: Přidat tag
Žádné tagy, Buďte první, kdo vytvoří štítek k tomuto záznamu!

MARC

LEADER 00000nam a2200000 a 4500
001 UCZ2293
003 CL-VaPUC
008 950928e19350000SP |||||||||||||||||spa|d
082 0 4 |a 111  |b SUA  |2 21 
100 |a Suárez, Francisco,   |c S.I.  |e author  |9 255840 
245 1 0 |a Disputaciones metafísicas sobre el concepto del ente 
300 |a 198 p 
942 |c BK 
945 |d 19950928 00:00:00  |a awong 
260 |a Madrid  |b Revista de Occidente  |c 1935 
650 0 |a Metafísica  |9 265649 
650 0 |a Filosofía   |9 223554 
650 7 |a SER  |2 CL-VaPUC  |9 320176 
650 0 |a Ontología   |9 256850 
583 |a last modification  |c 19950928 00:00:00  |k Rodrigo Vera 
999 |c 238924  |d 238922 
952 |0 0  |1 0  |4 0  |6 111_000000000000000_SUA_1935  |7 0  |8 P  |9 249535  |a BIBEDU  |b BIBEDU  |d 2019-11-18  |i 3132730  |l 2  |m 3  |o 111 SUA 1935  |p 3132730  |r 2025-03-12  |s 2024-10-30  |w 2019-11-18  |y BK  |k FIL